000 00753nam a22002177a 4500
003 UA-OsUOA
001 104796
007 ta
008 20140129b un ||||| |||| 00| 0 ukr d
100 _aПереверзєва Н.
090 _a81
_bП27
942 _cSA
040 _aUA-OsUOA
_bukr
_cUA-OsUOA
_dUA-OsUOA
245 _aРозвиток творчих здібностей учнів на уроках української мови та літератури
300 _aС.6-11
955 _a0
041 _aukr
080 _a81
773 0 _w104795
_tУкраїнська мова та література
_dК.
_d2014
_g1
650 7 _a8 Мовознавство. Художня література. Літературознавство
_2UDC
999 _c391066
_d391066